000 00835nam a22002297a 4500
005 20130611162626.0
010 _aENG-107470
020 _a9789381904428
_c880.00
035 _aEN-91003
037 _bDBAD/PUB
082 _a338.4762910951
100 _aSingh,J.V.
245 _aChina's aerospace strategy /
_cby J.V. Singh ; introduction by Jasjit Singh
260 _aNew Delhi
_bKW Publishers in association with Centre for Air Power Studies
_c2013
270 _a4676/21, First Floor, Ansari Road, Daryaganj
_bNew Delhi
_e110002
300 _a xxiii, 260 p.
_c24cm(Hb)
500 _aIncludes index
650 _aAerospace industries
_zChina.
650 _aAerospace industries
_xMilitary aspects
_zChina
650 _a Aerospace industries
_xGovernment policy
_zChina
942 _2ddc
_cEN
_mSIN
_h338.4762910951
999 _c76512
_d76512